书目信息 |
| 题名: |
《庄子》与现代主义
|
|
| 作者: | 张石 | |
| 分册: | ||
| 出版信息: | 石家庄 河北人民出版社 1989 |
|
| 页数: | 140页 | |
| 开本: | 20cm | |
| 丛书名: | ||
| 单 册: | ||
| 中图分类: | B233.5 | |
| 科图分类: | ||
| 主题词: | 哲学--中国--秦代 | |
| 电子资源: | ||
| ISBN: | 7-202-00433-X | |
| 000 | 00514nam0 2200181 450 | |
| 001 | 0728815141 | |
| 005 | 20070819080015.14 | |
| 010 | @a7-202-00433-X@d¥3.55 | |
| 100 | @a20070819d km y0chiy0120 ea | |
| 101 | 0 | @achi |
| 200 | 1 | @a《庄子》与现代主义@A《zhuang zi》yu xian dai zhu yi@f张石@Fzhang shi |
| 210 | @a石家庄@c河北人民出版社@d1989 | |
| 215 | @a140页@d20cm | |
| 606 | 0 | @a哲学@x中国@x秦代 |
| 690 | @aB233.5@v3 | |
| 701 | 0 | @a张石@Azhang shi |
| 801 | 0 | @aCN@bPFT@c20070819 |
| 905 | @a213230@dB233.5@eZW244@f1 | |
| 《庄子》与现代主义/张石.-石家庄:河北人民出版社,1989 |
| 140页;20cm |
| ISBN 7-202-00433-X:¥3.55 |
| ● |
| 相关链接 |
|
|
|
|
正题名:《庄子》与现代主义
索取号:B233.5/ZW244
 
预约/预借
| 序号 | 登录号 | 条形码 | 馆藏地/架位号 | 状态 | 备注 |
| 1 | 7600385 | 276003851 | 密集书库-文学院/ [索取号:B233.5/ZW244] | 在馆 |